00269nam a22000977a 4500008004100000020001800041020001500059041000800074080001000082245007900092160518b xxu||||| |||| 00| 0 eng d a9780801661440 a0801661447 aeng a618.2 aClinical manual of pediatrc nursing:cDonna L. Wong ; Lucille F. Whaley;